Imperialism the highest stage of capitalism : A popular outline
Salvato in:
| Autore principale: | |
|---|---|
| Natura: | Libro |
| Lingua: | Undetermined |
| Pubblicazione: |
New York
International Publishers
1939
|
| Soggetti: | |
| Tags: |
Aggiungi Tag
Nessun Tag, puoi essere il primo ad aggiungerne! !
|
| Thư viện lưu trữ: | Trung tâm Học liệu Trường Đại học Cần Thơ |
|---|
| LEADER | 00537nam a2200193Ia 4500 | ||
|---|---|---|---|
| 001 | CTU_82246 | ||
| 008 | 210402s9999 xx 000 0 und d | ||
| 082 | |a 330.15 | ||
| 082 | |b L566 | ||
| 100 | |a Lenin, V. I. | ||
| 245 | 0 | |a Imperialism the highest stage of capitalism : | |
| 245 | 2 | |b A popular outline | |
| 245 | 0 | |c V. I. Lenin | |
| 260 | |a New York | ||
| 260 | |b International Publishers | ||
| 260 | |c 1939 | ||
| 650 | |a Capitalism,Imperialism | ||
| 904 | |i Trọng Hải | ||
| 980 | |a Trung tâm Học liệu Trường Đại học Cần Thơ | ||